Statistics for Game of Thrones - The Book

Click here to take the quiz!

General Stats

  • This quiz has been taken 69,562 times
    (69,543 since last reset)
  • The average score is 29 of 38

Answer Stats

HintAnswer% Correct
Stark child #2Jon
95%
Stark child #4Arya
95%
Stark child #5Bran
94%
Stark child #1Robb
93%
Stark child #3Sansa
93%
Type of eggs that Daenerys receivesDragon Eggs
92%
Giant that carries BranHodor
90%
Jaime Lannister's nicknameKingslayer
89%
Petyr Baelish's nicknameLittlefinger
88%
Ned's full first nameEddard
88%
Name of the throneThe {Iron} Throne
87%
Arya's swordNeedle
87%
Sandor Clegane's nicknameThe Hound
84%
Type of animals used to send messagesRavens
83%
Stark direwolf #2Ghost
82%
Stark family mottoWinter is Coming
82%
Name of the queenCersei
80%
Type of animal that kills RobertBoar
80%
Gregor Clegane's nickname (The ________ That Rides)Mountain
79%
Stark child #6Rickon
77%
Seat of House StarkWinterfell
73%
Stark direwolf #3Lady
73%
Heir to the throneJoffrey
69%
Best type of steel for making swordsValyrian
69%
Who Catelyn holds hostageTyrion
67%
Ser Loras Tyrell's nickname (Knight of _______)Flowers
66%
Stark Uncle and missing Night's Watch rangerBenjen
63%
Stark direwolf #4Nymeria
63%
Varys's nicknameThe Spider
63%
Stark direwolf #5Summer
62%
Castle where the king livesThe Red Keep
59%
Stark direwolf #6Shaggydog
59%
King's Landing slum ( ____ Bottom)Flea
58%
Lord Mormont's nickname (The Old ____)Bear
57%
Ned's swordIce
57%
Robert's weapon of choiceWar Hammer
55%
City that the maesters come fromOldtown
54%
Stark direwolf #1Grey Wind
48%

Score Distribution

Percentile by Number Answered

Percent of People with Each Score

Your Score History

You have not taken this quiz since the last reset